|
|
|
|
| LEADER |
01216cam a2200325 7i4500 |
| 001 |
0000037310 |
| 005 |
20210907090000.0 |
| 008 |
101210 eng |
| 020 |
|
|
|a 9780077422417
|
| 020 |
|
|
|a 0073529346 (hbk.)
|
| 020 |
|
|
|a 9780073529349
|
| 020 |
|
|
|a 0077422414 (hbk.)
|
| 040 |
|
|
|a DLC
|
| 090 |
0 |
0 |
|a TA357
|b .W46 2011
|
| 100 |
1 |
|
|a White, Frank M
|
| 245 |
1 |
0 |
|a Fluid mechanics
|c Frank M. White.
|
| 250 |
|
|
|a 7th ed.
|
| 260 |
|
|
|a New York, N.Y.:
|b McGraw-Hil,
|c 2011.
|
| 300 |
|
|
|a xv, 862 p.:
|b ill.;
|c 24 cm..
|
| 490 |
0 |
|
|a McGraw-Hill series in mechanical engineering
|
| 501 |
|
|
|a With DVD-ROM : Student resource DVD containing Engineering Equation Solver (EES)
|
| 504 |
|
|
|a Includes bibliographical references and index
|
| 650 |
0 |
0 |
|a Fluid mechanics
|
| 655 |
|
0 |
|a Electronic books
|
| 856 |
4 |
2 |
|u http://library.unisel.edu.my/web/guest/mylibrary
|
| 997 |
|
|
|a Engineering & Life Sciences, Faculty
|b Engineering, Department
|
| 998 |
|
|
|a Mechanical Engineering, Diploma
|
| 999 |
|
|
|a 0000041871
|b BOK
|c OPEN SHELF
|e 2nd Floor, Bestari Jaya
|
| 999 |
|
|
|a DVD0000277
|b DVD-ROM
|c OPEN SHELF
|e Circulation Counter, Bestari Jaya
|
| 999 |
|
|
|a EBO0006843
|b EBOOK
|c EBOOK
|e Electronic resources
|